| 000 | 00406nam a2200169Ia 4500 | ||
|---|---|---|---|
| 008 | 230524s9999 xx 000 0 und d | ||
| 020 | _a9788120324558 | ||
| 082 |
_a620.11 _bRAG |
||
| 100 | _aV.Raghavan | ||
| 245 | 0 | _aMaterial Science and Engineering | |
| 250 | _a5TH | ||
| 260 |
_aNEW DELHI _bPHI _c2005 |
||
| 300 | _aVIII;439 | ||
| 500 | _aQuantity Number: 95 | ||
| 650 | _aChemistry | ||
| 942 | _cBK | ||
| 999 |
_c35065 _d35065 |
||